Dvojčatá v akcii 2 - Skákajúce hviezdy /
Grétka neznáša skákanie, no Izi ho miluje. Na základnej škole Skalná je v ňom najlepšia… ale jej bývalá kamarátka Klotilda si to o sebe myslí tiež. Keď si ich školu vyberú na natáčanie ŠPECIÁLNEHO VIDEA, súťaž o najlepšiu skokanku cez švihadlo sa začína! Stane sa Izi s Grétkinou pomocou hviezdou? A...
Uloženo v:
| Série: | Dvojčatá v akcii,
část 2 |
|---|---|
| Hlavní autor: | |
| Médium: | E-kniha |
| Jazyk: | Czech |
| Vydáno: |
Praha :
Albatros Media Slovakia s.r.o.,
2025
|
| Příbuzné jednotky: | Z cyklu::
Dvojčatá v akcii |
| Tagy: |
Žádné tagy |
| LEADER | 01452nam a22002417i 4500 | ||
|---|---|---|---|
| 001 | 302736 | ||
| 007 | ta | ||
| 008 | 260514s2025 xr ||||| |||| 00| 0 cze d | ||
| 020 | |a 9788056649800 | ||
| 044 | |a xr | ||
| 100 | 1 | |a Moses, Alexa |4 aut | |
| 245 | 1 | 0 | |a Dvojčatá v akcii 2 - Skákajúce hviezdy / |c Moses, Alexa |
| 240 | 1 | 0 | |a Twinning (The Top Secret Diaries of Twin Sisters) - Skipping Stars |
| 264 | 1 | |a Praha : |b Albatros Media Slovakia s.r.o., |c 2025 | |
| 300 | |a 1 online zdroj (192 stran) | ||
| 336 | |a text |b txt |2 rdacontent | ||
| 337 | |a bez média |b n |2 rdamedia | ||
| 338 | |a online zdroj |b cr |2 rdacarrier | ||
| 520 | 2 | |a Grétka neznáša skákanie, no Izi ho miluje. Na základnej škole Skalná je v ňom najlepšia… ale jej bývalá kamarátka Klotilda si to o sebe myslí tiež. Keď si ich školu vyberú na natáčanie ŠPECIÁLNEHO VIDEA, súťaž o najlepšiu skokanku cez švihadlo sa začína! Stane sa Izi s Grétkinou pomocou hviezdou? A naberie Grétka odvahu postaviť sa pred kameru? | |
| 787 | 0 | 8 | |g 2 |i Z cyklu: |t Dvojčatá v akcii |
| 910 | |a RBIT002 | ||
| 998 | |d 426994 |a https://core.palmknihy.cz/api/books/426994/cover?tesgih |b https://core.palmknihy.cz/api/books/426994/cover/400?tesgih |c https://core.palmknihy.cz/api/books/426994/cover/50?tesgih |e 2029-10-11 |g 192 |i 9788056649800 |k https://core.palmknihy.cz/api/books/426994/preview.pdf |l |q 49 |r 1 |s https://www.palmknihy.cz/kniha/426994 |t ebook |y 2025 |z 1 |v Dvojčatá v akcii |w 2 | ||
| 999 | |d 302734 | ||